Lập nghiệp

Nội dung sách gồm 3 phần giới thiệu về những tiền đề gkhởi đầu một sự nhiệp lâu bền và thành đạt, chuẩn bị cho việc soạn thảo phương án kinh doanh, dự thảo phương án tài chính như: tổng quan về công việc kinh doanh, marketing trong phươ...

Description complète

Enregistré dans:
Détails bibliographiques
Auteur principal: Nguyễn, Mạnh Quân
Format: Livre
Langue:Undetermined
Publié: Hà Nội Xây dựng 2005
Sujets:
Tags: Ajouter un tag
Pas de tags, Soyez le premier à ajouter un tag!
Thư viện lưu trữ: Trung tâm Học liệu Trường Đại học Cần Thơ
LEADER 01176nam a2200205Ia 4500
001 CTU_168856
008 210402s9999 xx 000 0 und d
020 |c 52000 
082 |a 650.1 
082 |b Qu502/Q.1 
100 |a Nguyễn, Mạnh Quân 
245 0 |a Lập nghiệp 
245 0 |c Nguyễn Mạnh Quân 
260 |a Hà Nội 
260 |b Xây dựng 
260 |c 2005 
520 |a Nội dung sách gồm 3 phần giới thiệu về những tiền đề gkhởi đầu một sự nhiệp lâu bền và thành đạt, chuẩn bị cho việc soạn thảo phương án kinh doanh, dự thảo phương án tài chính như: tổng quan về công việc kinh doanh, marketing trong phương án kinh doanh, xác định nhu cầu về vốn khởi sự, phác thảo tình trạng tài chính những năm đầu hoạt động, tìm kiếm nguồn tài trợ... 
650 |a Success in business,Business management,Thành công trong kinh doanh,Quản trị kinh doanh 
904 |i Qhieu 
980 |a Trung tâm Học liệu Trường Đại học Cần Thơ